Compendio del derecho romano /
Guardado en:
| Autor Principal: | |
|---|---|
| Otros Autores: | , |
| Formato: | Libro |
| Idioma: | Undetermined |
| Publicado: |
Buenos Aires :
Heliasta,
1978.
|
| Edición: | 1a. ed. |
| Materias: | |
| Etiquetas: |
Agregar Etiqueta
Sin Etiquetas, Sea el primero en etiquetar este registro!
|
| LEADER | 00690nam a22001935a 4500 | ||
|---|---|---|---|
| 001 | DER.der015000 | ||
| 008 | 240628s1978####ag############000#0#und#d | ||
| 005 | 20240628111030.0 | ||
| 245 | 1 | 0 | |a Compendio del derecho romano / |c Ortolan, M. |
| 250 | |a 1a. ed. | ||
| 260 | |a Buenos Aires : |b Heliasta, |c 1978. | ||
| 300 | |a 190 p. | ||
| 534 | |p Título original: Generalization du droit romain. Traducción directa de Francisco Pérez Anaya y Melquiades Pérez Rivas. | ||
| 100 | 1 | |a Ortalan, M. | |
| 700 | 1 | |a Pérez Anaya, Francisco, |e trad. | |
| 700 | 1 | |a Pérez Rivas, Melquiades, |e trad. | |
| 650 | 7 | |a DERECHO ROMANO | |
| 650 | 7 | |a ELEMENTOS DEL DERECHO ROMANO | |
| 859 | |a DERECHO |b BIB. DERECHO |h 340.54 |i ORT |p 0010338 | ||
